[Event "AUTO-OPEN-79"]
[Site "http://www.queenalice.com/game.php?id=11736"]
[Date "2005.5.2"]
[Round "1"]
[White "miguerbulu"]
[Black "zyver_mater"]
[Result "1-0"]
[WhiteElo "1280"]
[BlackElo "1333"]

1. e4 e5 2. Nf3 Nc6 3. Bb5 a6 4. Ba4 Nf6 5. O-O b5 6. Bb3 h6 7. c3 Nxe4 8. Re1
d5 9. d3 Ng5 10. Nxe5 Nxe5 11. Rxe5+ Be6 12. Bxd5 Bd6 13. Re1 O-O 14. Bxg5 Qxg5
15. Bxe6 fxe6 16. Rxe6 Rf5 17. Re1 Raf8 18. Rf1 Rf3 19. Qe2 Rh3 20. Qe6+ Kh8 21.
Qxh3 Rf4 22. g3 Rf3 23. Re1 c5 24. Qg2 Rf8 25. Na3 c4 26. dxc4 Bc5 27. Re2 Rf5
28. cxb5 axb5 29. Nxb5 h5 30. Rae1 Kh7 31. Nd4 Rf6 32. Ne6 Qg6 33. Nxc5 Rf5 34.
Nd7 Qd6 35. Ne5 Qa6 36. Qe4 g6 37. Nxg6 1-0

[Event "AUTO-OPEN-79"]
[Site "http://www.queenalice.com/game.php?id=11737"]
[Date "2005.5.2"]
[Round "1"]
[White "zyver_mater"]
[Black "miguerbulu"]
[Result "0-1"]
[WhiteElo "1341"]
[BlackElo "1308"]

1. e4 c5 2. Nf3 e6 3. Nc3 Nf6 4. d4 cxd4 5. Nxd4 Bb4 6. Qf3 Qb6 7. Be3 Bxc3+ 8.
bxc3 Qb2 9. Rd1 Qxc3+ 10. Rd2 Nc6 11. Nb5 Qa5 12. Nd6+ Ke7 13. Qf4 Qe5 14. Nb5
Qxf4 15. Bxf4 Nxe4 16. Re2 Nf6 17. Bd6+ Kd8 18. Nc7 Rb8 19. Re3 b6 20. Nxe6+
fxe6 21. Bxb8 Nxb8 22. Bd3 Nc6 23. O-O Nb4 24. c4 Nxd3 25. Rxd3 Ba6 26. Rc1 Kc7
27. g4 h6 28. Rcc3 Ne4 29. Ra3 Nc5 30. Rf3 Kb7 31. Rac3 Ne4 32. Rcd3 Nc5 33. Rc3
Kc6 34. Ra3 Kb7 35. Rf4 g5 36. Rd4 Rf8 37. Kg2 Kc7 38. Kg3 Rf7 39. h4 gxh4+ 40.
Kxh4 Rxf2 41. Kh5 Rh2+ 42. Kg6 e5 43. Rd5 Bxc4 44. Rxe5 Bd3+ 45. Kf7 Rf2+ 46.
Kg7 Ne6+ 47. Kxh6 Rf6+ 48. Kh5 Rf3 49. Kh4 Nf4 50. Kg5 Ne6+ 51. Kh4 Nf4 52. Kg5
Kd6 53. Rf5 Ne6+ 54. Kf6 Bxf5 55. Rxf3 Bxg4 56. Rg3 Be2 57. a3 a5 0-1

[Event "AUTO-OPEN-79"]
[Site "http://www.queenalice.com/game.php?id=11762"]
[Date "2005.5.2"]
[Round "1"]
[White "catalan"]
[Black "zyver_mater"]
[Result "0-1"]
[WhiteElo "1527"]
[BlackElo "1243"]

1. e4 e5 2. Nf3 Nc6 3. Bb5 a6 4. Bxc6 dxc6 5. Nc3 Bd6 6. d3 Nf6 7. Bg5 Bc5 8.
Nxe5 Qd4 9. Bh4 Qxe5 10. Ne2 Qxb2 11. O-O Bd6 12. f4 Ng4 13. Qd2 Qb6+ 14. d4 c5
15. Rab1 Qa7 16. h3 cxd4 17. Kh1 Ne3 18. Rf3 c5 19. e5 Bc7 20. Ng3 O-O 21. c3
Ba5 22. Nh5 Bxc3 23. Qd3 Bf5 24. Nf6+ Kh8 0-1

[Event "AUTO-OPEN-79"]
[Site "http://www.queenalice.com/game.php?id=11763"]
[Date "2005.5.2"]
[Round "1"]
[White "zyver_mater"]
[Black "catalan"]
[Result "1-0"]
[WhiteElo "1228"]
[BlackElo "1527"]

1. e4 c5 2. Nf3 d6 3. Nc3 g6 4. d4 cxd4 5. Qxd4 e5 6. Nxe5 Bg7 7. Qa4+ Bd7 8.
Nxd7 Nxd7 9. Bc4 a6 10. Qb3 Ne5 11. Bd5 Nf6 12. Qxb7 O-O 13. Bg5 h6 14. Qxa8 Qb6
15. Qb7 Qa5 16. O-O-O hxg5 17. Bb3 Neg4 18. Rxd6 Nxf2 19. Rf1 N2xe4 20. Nxe4
Nxe4 21. Qxe4 Qb5 22. Rxf7 Rxf7 23. Rd8+ 1-0

[Event "AUTO-BEG-02"]
[Site "http://www.queenalice.com/game.php?id=11786"]
[Date "2005.5.2"]
[Round "1"]
[White "Muggs"]
[Black "zyver_mater"]
[Result "0-1"]
[WhiteElo "962"]
[BlackElo "1221"]

1. e4 e5 2. Nf3 Nc6 3. Bc4 h6 4. d3 d6 5. Be3 Nf6 6. O-O h5 7. Nbd2 h4 8. Ng5
Rh5 9. h3 Be6 10. Bxe6 fxe6 11. Nxe6 Nd4 12. Nxd8 Rxd8 0-1

[Event "AUTO-BEG-02"]
[Site "http://www.queenalice.com/game.php?id=11787"]
[Date "2005.5.2"]
[Round "1"]
[White "zyver_mater"]
[Black "Muggs"]
[Result "1-0"]
[WhiteElo "1214"]
[BlackElo "973"]

1. e4 c5 2. Nf3 e6 3. Nc3 d6 4. d4 cxd4 5. Nxd4 Nf6 6. Bf4 Be7 7. Ndb5 e5 8. Bg5
h6 9. Bxf6 Bxf6 10. Nxd6+ Kf8 11. Qd5 Be6 12. Qxb7 1-0

[Event "AUTO-BEG-02"]
[Site "http://www.queenalice.com/game.php?id=11806"]
[Date "2005.5.2"]
[Round "1"]
[White "zyver_mater"]
[Black "denisaja"]
[Result "1-0"]
[WhiteElo "1192"]
[BlackElo "1177"]

1. e4 Nf6 2. Nc3 g6 3. d4 Bg7 4. Nf3 O-O 5. Be2 c6 6. Qd3 d5 7. Ng5 dxe4 8.
Ncxe4 Bf5 9. O-O h6 10. Nxf6+ Bxf6 11. Ne4 Bxe4 12. Qxe4 Bxd4 13. Bxh6 Re8 14.
Rad1 c5 15. Bc4 e6 16. Rd3 Nc6 17. c3 Kh7 18. Rh3 Qd7 19. cxd4 cxd4 20. Qh4 Rh8
21. Bg5+ Kg8 22. Qxh8# 1-0

[Event "AUTO-BEG-02"]
[Site "http://www.queenalice.com/game.php?id=11807"]
[Date "2005.5.2"]
[Round "1"]
[White "denisaja"]
[Black "zyver_mater"]
[Result "0-1"]
[WhiteElo "1211"]
[BlackElo "1166"]

1. e3 e5 2. Qh5 Nc6 3. Bc4 g6 4. Qf3 Nf6 5. d4 exd4 6. exd4 Nxd4 7. Qe3+ Ne6 8.
a4 Bc5 9. Qe5 Bxf2+ 10. Kxf2 Ng4+ 11. Kg3 Nxe5 12. Na3 c6 13. b3 Qf6 14. Ne2 d5
15. Bd3 Nxd3 16. cxd3 Qxa1 17. Nc2 Qf6 18. Bd2 h5 19. Nb4 h4+ 20. Kh3 Nf4# 0-1

[Event "Challenge"]
[Site "http://www.queenalice.com/game.php?id=15451"]
[Date "2005.6.5"]
[Round "-"]
[White "zyver_mater"]
[Black "barraw"]
[Result "0-1"]
[WhiteElo "1353"]
[BlackElo "1454"]

1. e4 e5 2. Nf3 d5 3. Nc3 d4 4. Ne2 Bg4 5. Ng3 f6 6. h3 Bd7 7. a4 c5 8. Bc4 Ne7
9. c3 h5 10. Qb3 Qc7 11. Nxh5 Kd8 12. g4 Qd6 13. d3 b6 14. a5 Nc8 15. g5 Rxh5
16. Qd1 Rxh3 17. Rxh3 Bxh3 18. Qa4 dxc3 19. bxc3 Be6 20. Ba3 fxg5 21. Nxg5 Bxc4
22. dxc4 Qg6 23. O-O-O+ Kc7 24. axb6+ Nxb6 25. Ne6+ Qxe6 26. Qb5 Qxc4 27. Qb2 g6
28. Qd2 Be7 29. f4 Qxe4 30. fxe5 Qg4 31. Re1 Bg5 32. Re3 Qg1+ 0-1

[Event "Challenge"]
[Site "http://www.queenalice.com/game.php?id=15839"]
[Date "2005.6.10"]
[Round "-"]
[White "CarlosBianchi"]
[Black "zyver_mater"]
[Result "1-0"]
[WhiteElo "1712"]
[BlackElo "1245"]

1. d4 d5 2. c4 dxc4 3. Nf3 Nc6 4. d5 Nb4 5. Qa4+ Qd7 6. Qxb4 e6 7. Qxc4 Nf6 8.
dxe6 fxe6 9. e4 a6 10. Nc3 b5 11. Qb3 Bb7 12. Bc4 Bc8 13. Nxb5 axb5 14. Bxb5 c6
15. Ne5 Qa7 16. Bxc6+ Kd8 17. Bxa8 Bc5 18. Nc6+ 1-0

[Event "Challenge"]
[Site "http://www.queenalice.com/game.php?id=15847"]
[Date "2005.6.10"]
[Round "-"]
[White "zyver_mater"]
[Black "waltc"]
[Result "0-1"]
[WhiteElo "1335"]
[BlackElo "1983"]

1. e4 e5 2. Nf3 Nc6 3. d4 exd4 4. Nxd4 Bc5 5. Be3 Qf6 6. c3 Nge7 7. f3 O-O 8.
Nxc6 Bxe3 9. Nxe7+ Qxe7 10. Bd3 c6 11. Qc2 h6 12. b4 d5 13. Rf1 a5 14. b5 f5 15.
Nd2 fxe4 16. fxe4 Bg4 17. h3 Qh4+ 0-1

[Event "Challenge"]
[Site "http://www.queenalice.com/game.php?id=15960"]
[Date "2005.6.11"]
[Round "-"]
[White "zyver_mater"]
[Black "jumerski"]
[Result "0-1"]
[WhiteElo "1333"]
[BlackElo "1329"]

1. e4 e6 2. d4 b6 3. Bc4 c5 4. d5 e5 5. f4 exf4 6. Bxf4 Qf6 7. Bc1 Qh4+ 8. g3
Qxe4+ 9. Qe2 Qxe2+ 10. Nxe2 Nf6 11. Bg5 Be7 12. Nbc3 Ba6 13. b3 O-O 14. O-O-O
Bxc4 15. bxc4 d6 16. Bxf6 gxf6 17. Rhe1 Nd7 18. Ne4 Ne5 19. Nd2 a6 20. Kb2 b5
21. Kb3 Rab8 22. Ra1 f5 23. h4 Bf6 24. Rad1 bxc4+ 25. Ka4 c3 26. Nxc3 Rb4+ 27.
Ka3 Nf3 28. Re3 Nd4 0-1

[Event "Challenge"]
[Site "http://www.queenalice.com/game.php?id=15961"]
[Date "2005.6.11"]
[Round "-"]
[White "zyver_mater"]
[Black "jumerski"]
[Result "0-1"]
[WhiteElo "1258"]
[BlackElo "1338"]

1. e4 Nc6 2. Nf3 e5 3. d4 exd4 4. Nxd4 Qf6 5. Nf3 Bc5 6. Nc3 Nge7 7. Bc4 Ne5 8.
Be3 Bxe3 9. fxe3 Nxc4 10. Ke2 Nxb2 11. Qb1 Qxc3 12. Nd2 d6 13. h3 O-O 14. a3 Be6
15. Ra2 Bxa2 16. Qxa2 Nf5 17. exf5 Rfe8 18. e4 Qxc2 19. Qd5 c6 20. Qa2 Rxe4+ 0-1

[Event "Challenge"]
[Site "http://www.queenalice.com/game.php?id=17183"]
[Date "2005.6.23"]
[Round "-"]
[White "alanski27"]
[Black "zyver_mater"]
[Result "0-1"]
[WhiteElo "1454"]
[BlackElo "1395"]

1. e4 e5 2. d4 Nc6 3. c3 Nf6 4. Bg5 h6 5. Bh4 g5 6. Bg3 exd4 7. cxd4 Bb4+ 8. Nc3
Nxe4 9. Qe2 Qe7 10. Be5 Nxc3 11. Qh5 Nxd4 12. Ne2 Qxe5 13. bxc3 Bxc3+ 14. Kd1
Bxa1 15. Ng3 Qc5 16. Bd3 Bb2 17. Ne2 Bc3 18. Qg4 d5 19. Qf4 Nxe2 20. Kxe2 gxf4
0-1

[Event "AUTO-BEG-02"]
[Site "http://www.queenalice.com/game.php?id=26951"]
[Date "2005.9.1"]
[Round "2"]
[White "zyver_mater"]
[Black "brenoroberto"]
[Result "0-1"]
[WhiteElo "1365"]
[BlackElo "1459"]

1. e4 Nc6 2. Nf3 f6 3. Bc4 e6 4. d4 Bd6 5. O-O e5 6. b3 Na5 7. Bxg8 Rxg8 8. d5
b6 9. Ne1 Ba6 10. c4 Qe7 11. Bd2 c6 12. Bxa5 Rb8 13. Bd2 cxd5 14. exd5 f5 15. f4
Qf6 16. Bc3 Bc5+ 17. Kh1 d6 0-1

[Event "AUTO-BEG-02"]
[Site "http://www.queenalice.com/game.php?id=26952"]
[Date "2005.9.1"]
[Round "2"]
[White "brenoroberto"]
[Black "zyver_mater"]
[Result "1-0"]
[WhiteElo "1446"]
[BlackElo "1378"]

1. d4 d5 2. Nc3 Bf5 3. e3 Nf6 4. f4 Ne4 5. Be2 Nxc3 6. bxc3 e6 7. c4 Qf6 8. cxd5
Qg6 9. dxe6 Qxg2 10. Bf3 Bb4+ 11. Bd2 Bxd2+ 12. Qxd2 Qxd2+ 13. Kxd2 c6 14. exf7+
Kxf7 15. Rb1 Re8 16. Rxb7+ Kg8 17. Bxc6 Nxc6 18. Nf3 1-0

[Event "AUTO-BEG-02"]
[Site "http://www.queenalice.com/game.php?id=26953"]
[Date "2005.9.1"]
[Round "2"]
[White "zyver_mater"]
[Black "ManofBlack"]
[Result "0-1"]
[WhiteElo "1395"]
[BlackElo "1379"]

1. e4 e5 2. Nf3 c6 3. Nc3 Nf6 4. Bc4 d5 5. exd5 b5 6. Bb3 c5 7. Nxb5 Bg4 8. c4
e4 9. h3 Qe7 10. Ba4 exf3+ 11. Kf1 Qe2+ 12. Qxe2+ fxe2+ 13. Ke1 Bh5 0-1

[Event "AUTO-BEG-02"]
[Site "http://www.queenalice.com/game.php?id=26954"]
[Date "2005.9.1"]
[Round "2"]
[White "ManofBlack"]
[Black "zyver_mater"]
[Result "1-0"]
[WhiteElo "1361"]
[BlackElo "1413"]

1. e4 d5 2. e5 Bf5 3. d3 e6 4. Nf3 d4 5. Ng5 h6 6. Qh5 Bg6 7. Qf3 hxg5 8. Qxb7
Nd7 9. Bxg5 Qc8 10. Qb5 Rb8 11. Qc6 Rb6 12. Qa4 Bc5 13. Qxa7 Ra6 14. Qb7 1-0